=LDR 00000nam 2200000 4500 =001 INLIS000000000050342 =005 20170428025238 =035 ##$$a 0010-0417000157 =007 ta =008 170428###########################0###### =020 ##$$a 978 - 602 - 7929 - 95 - 1 =082 ##$$a 613.31 =084 ##$$a 613.31 CHO m =100 #$$a Chomaria, Nurul =245 1#$$a Menu terlengkap MPASI (makanan pendamping ASI) /$c Nurul Chomaria =250 ##$$a Cet.1 =260 ##$$a Surakarta :$b Cinta,$c 2014 =300 ##$$a 99 hlm : $b Ilus ; $c 28 cm =650 ##$$a KESEHATAN =990 ##$$a 75927592 =990 ##$$a 75927592 =990 ##$$a 31700597 =990 ##$$a 02201707592 =990 ##$$a 31700598 =990 ##$$a 31700597